000 00551nam a2200205Ia 4500
005 20250326141243.0
008 250326s9999 xx 000 0 und d
020 _a0-06-501377-8
037 _aTextbook
040 _aFMSL
_beng
_cFMSL
041 _aeng
_2eng
084 _aX:71 N4
_qFMSL
100 _aSalvatore Dominick
245 0 _aMicroeconomics
_cSalvatore Dominick
250 _a2
260 _aNew York
_bNew York, Harper Collins College
_c1994
300 _axxxiii,680
942 _cTB
_hX:71 N4
999 _c1289446
_d1289446